Geschichte der arabischen Litteratur /

محفوظ في:

المؤلف الرئيسي: Brockelmann, Carl, 1868-1956.

التنسيق: كتاب

اللغة: German

منشور في: Leiden : E.J. Brill, 1937-1949.

الطبعة: 2. Supplementbanden angepasste Aufl.

الموضوعات:

الوسوم: إضافة وسم

لا توجد وسوم, كن أول من يضع وسما على هذه التسجيلة!

رقم الطلب: PJ7510 .B7 1943 v.1

LEADER 01021cam a2200265Ma 4500
001 ocn796933297
003 OCoLC
005 20240219200653.0
008 110706m19371949ne b 000 0 ger
050 4 |a PJ7510  |b .B7 1943 v.1 
100 1 |a Brockelmann, Carl,  |d 1868-1956. 
245 1 0 |a Geschichte der arabischen Litteratur /  |c von Carl Brockelmann. 
250 |a 2. Supplementbanden angepasste Aufl. 
264 1 |a Leiden :  |b E.J. Brill,  |c 1937-1949. 
300 |a 5 volumes (2 volumes + 3 suppl.) ;  |c 25 cm 
336 |a text  |b txt  |2 rdacontent 
337 |a unmediated  |b n  |2 rdamedia 
338 |a volume  |b nc  |2 rdacarrier 
500 |a 2 main volumes published: v. 1 (1943), v. 2 (1949). 
500 |a 3 supplements published: v. 1 (1937), v. 2 (1938), v. 3 (1942). 
500 |a Previously published: Berlin : E. Felber, 1898-1902. 
650 0 |a Arabic literature  |x History and criticism. 
650 0 |a Islamic literature, Arabic  |x History and criticism. 
650 0 |a Islamic literature  |x History and criticism. 
999 |c 56847  |d 56847